<?xml version="1.0" encoding="UTF-8"?>
<record
    xmlns:xsi="http://www.w3.org/2001/XMLSchema-instance"
    xsi:schemaLocation="http://www.loc.gov/MARC21/slim http://www.loc.gov/standards/marcxml/schema/MARC21slim.xsd"
    xmlns="http://www.loc.gov/MARC21/slim">

  <leader>00551nam a2200169Ia 4500</leader>
  <controlfield tag="003">LK-CoDNM</controlfield>
  <controlfield tag="008">140723t2018    xxu||||| |||| 00| 1 sin d</controlfield>
  <datafield tag="020" ind1=" " ind2=" ">
    <subfield code="a"></subfield>
    <subfield code="a">9789556871531</subfield>
  </datafield>
  <datafield tag="040" ind1=" " ind2=" ">
    <subfield code="a">LK-CoDNM</subfield>
    <subfield code="d">LK-CoDNM</subfield>
    <subfield code="e">LK-CoDNM</subfield>
  </datafield>
  <datafield tag="041" ind1=" " ind2=" ">
    <subfield code="a">sin</subfield>
  </datafield>
  <datafield tag="080" ind1=" " ind2=" ">
    <subfield code="a">294.3</subfield>
    <subfield code="b">CHA</subfield>
  </datafield>
  <datafield tag="100" ind1=" " ind2=" ">
    <subfield code="a">&#xDA4;&#xDCF;&#xDAB;&#xDCF;&#xDB1;&#xDB1;&#xDCA;&#xDAF; &#xDC4;&#xDD2;&#xDB8;&#xDD2;, &#xD9A;&#xDD2;&#xDBB;&#xDD2;&#xDB6;&#xDAD;&#xDCA;&#xD9C;&#xDDC;&#xDA9;</subfield>
    <subfield code="v">Chanannda Himi,Kiribathgoda</subfield>
  </datafield>
  <datafield tag="245" ind1=" " ind2=" ">
    <subfield code="a">&#xDB1;&#xDD4;&#xDC0;&#xDAB;&#xDD2;&#xDB1;&#xDCA; &#xDB8; &#xDBA;&#xDD2; &#xDBA;&#xDCF; &#xDBA;&#xDD4;&#xDAD;&#xDCA;&#xDAD;&#xDDA;</subfield>
  </datafield>
  <datafield tag="246" ind1=" " ind2=" ">
    <subfield code="a">Nuwaninmai Ya Yuththe</subfield>
  </datafield>
  <datafield tag="260" ind1=" " ind2=" ">
    <subfield code="b">Mahamega Publisher</subfield>
    <subfield code="a">Waduwawa</subfield>
    <subfield code="c">2018</subfield>
  </datafield>
  <datafield tag="942" ind1=" " ind2=" ">
    <subfield code="c">BK</subfield>
  </datafield>
  <datafield tag="952" ind1=" " ind2=" ">
    <subfield code="0">0</subfield>
    <subfield code="1">0</subfield>
    <subfield code="4">0</subfield>
    <subfield code="7">0</subfield>
    <subfield code="8">MONO</subfield>
    <subfield code="a">MAIN</subfield>
    <subfield code="b">MAIN</subfield>
    <subfield code="d">2023-07-16</subfield>
    <subfield code="g">150.00</subfield>
    <subfield code="l">0</subfield>
    <subfield code="o">294.3 CHA</subfield>
    <subfield code="p">P43079</subfield>
    <subfield code="r">2023-07-16</subfield>
    <subfield code="w">2023-07-16</subfield>
    <subfield code="y">BK</subfield>
  </datafield>
  <datafield tag="999" ind1=" " ind2=" ">
    <subfield code="c">80242</subfield>
    <subfield code="d">80242</subfield>
  </datafield>
</record>
